| 000 | 00599nam a2200193 i 4500 | ||
|---|---|---|---|
| 001 | 72742 | ||
| 003 | ES-MaACL | ||
| 005 | 20230906171536.0 | ||
| 007 | t| | ||
| 008 | 040902s1966 sp ||||1| spa d | ||
| 100 | 1 |
_aGoded Mur, Antonino. _957512 |
|
| 245 | 1 | 0 |
_aTécnicas modernas aplicadas al análisis de la leche / _cAntonino Goded Mur ; con un prólogo de M.E. Sehulz. |
| 250 | _a[1ª ed.]. | ||
| 260 |
_aMadrid : _bDossat, _c1966. |
||
| 300 |
_a445 p. : _bil. ; _c24 cm. |
||
| 650 | 4 |
_aLeche- _xAnálisis. _9165960 |
|
| 700 | 1 |
_aSehulz, M. E. _9105238 |
|
| 852 |
_aES-MaACL _jC-28982 _bR.58415 |
||
| 999 |
_c72742 _d72742 |
||